000 00640nam a2200229Ia 4500
003 BUBTL
008 151213s9999 xx 000 0 und d
020 _a0-07-048668-9
082 _a658.049/H55i
100 _aHill, Charles W.L.
_93796
245 _aInternational Business
_cCharles W.L.Hill
250 _a4th
260 _aNew Delhi
_bTata McGraw hill
_cc2003
300 _a[xxviii] , 703p . :
_bill . ; 27cm.
500 _aIncludes Index
650 _aBusiness
_93797
650 _aBusiness
_93797
700 _aCharles W.L.Hill
_93798
856 _k0
_l0
_yDownload
942 _2ddc
_cBK
999 _c1237
_d1237